Africa in Crisis : (Record no. 32188)

000 -LEADER
fixed length control field 00755nam a22001937a 4500
008 - FIXED-LENGTH DATA ELEMENTS--GENERAL INFORMATION
fixed length control field 240905b |||||||| |||| 00| 0 eng d
020 ## - INTERNATIONAL STANDARD BOOK NUMBER
International Standard Book Number 9966469060
050 ## - LIBRARY OF CONGRESS CALL NUMBER
Classification number HC800
Item number .Z9T56 1994
100 ## - MAIN ENTRY--PERSONAL NAME
Personal name Timberlake Lloyd
245 ## - TITLE STATEMENT
Title Africa in Crisis :
Remainder of title The Causes ,the cures of Environmental Bankruptcy
Statement of responsibility, etc. Lloyd Timberlake
260 ## - PUBLICATION, DISTRIBUTION, ETC. (IMPRINT)
Place of publication, distribution, etc. Nairobi :
Name of publisher, distributor, etc. East African Educational Publishers,
Date of publication, distribution, etc. 1994.
300 ## - PHYSICAL DESCRIPTION
Extent ix, 203p. :
Other physical details ill., maps ;
Dimensions 17cm.
500 ## - GENERAL NOTE
General note I
504 ## - BIBLIOGRAPHY, ETC. NOTE
Bibliography, etc Includes Bibliographical references
650 ## - SUBJECT ADDED ENTRY--TOPICAL TERM
Topical term or geographic name as entry element The Population Crisis
Geographic subdivision Africa
650 ## - SUBJECT ADDED ENTRY--TOPICAL TERM
Topical term or geographic name as entry element Aid, Development And The Future
General subdivision Is There Hope?
Geographic subdivision Africa
700 ## - ADDED ENTRY--PERSONAL NAME
Personal name Edited by Tinker John and Produced by Cheney Barbara
942 ## - ADDED ENTRY ELEMENTS (KOHA)
Source of classification or shelving scheme
Koha item type Hard Covered Materials
Classification part HC800 .Z9T56 1994
Holdings
Withdrawn status Lost status Source of classification or shelving scheme Damaged status Not for loan Home library Current library Shelving location Date acquired Source of acquisition Total Checkouts Full call number Barcode Date last seen Price effective from Koha item type
          MACHAKOS UNIVERSITY LIBRARY MACHAKOS UNIVERSITY LIBRARY Open shelf 04/09/2017 Purchase   HC800 .Z9T56 1994 20556 05/09/2024 05/09/2024 Hard Covered Materials
          MACHAKOS UNIVERSITY LIBRARY MACHAKOS UNIVERSITY LIBRARY Open shelf 04/09/2017 Purchase   HC800 .Z9T56 1994 20557 05/09/2024 05/09/2024 Hard Covered Materials
© Machakos University Library, Along The Highway, Machakos Wote Rd, Machakos, Kenya P.O. Box 136 - 90100 Machakos - Kenya

Tel: ( +254 ) 723 805829 OR Fax : 044-20353 OR Email: library@mksu.ac.ke